| 000 | 00410nam a2200145Ia 4500 | ||
|---|---|---|---|
| 008 | 230312s9999||||xx |||||||||||||| ||und|| | ||
| 020 | _a0070507074 | ||
| 082 |
_a621.4021 _bPOT-T |
||
| 100 | _aMerle C. Potter | ||
| 245 | 0 | _aThermodynamics for engineers | |
| 260 |
_bMcgraw Hill _aNew York _c1993 |
||
| 546 | _aEng. | ||
| 650 |
_aEngineering _vEntropy, Law of thermodynamics, power of refrigeration |
||
| 942 | _cBK | ||
| 999 |
_c1183 _d1183 |
||